000 00910nam a2200229Ii 4500
003 JO-AjNU
008 230605s9999||||xx |||||||||||||| ||und||
017 _a2008/4/1412
020 _a978-9957-00-35-93
040 _aJO-AjNU
_bara
_erda
_cJO-AjNU
041 _aara
050 1 4 _aBF575.S75.G4322 2021
100 3 _aالغرير، احمد نايل، م.مشارك احمد عبداللطيف ابو اسعد,
_eauthor
_962026
245 0 0 _aالتعامل مع الضغوط النفسية
250 _aالطبعة العربية الاولى
264 3 1 _aعمان: دار الشروق للنشر والتوزيع، 2021
300 _a239ص
_b ويحتوي على قائمة مراجع من ص233-ص239
336 _atext
_btxt
_2rdacontent
337 _aunmediated
_bn
_2rdamedia
338 _avolume
_bnc
_2rdacarrier
650 4 _aالارشاد النفسي- اختبارات الشخصية
_962027
999 _aA28066
_c31634
_d31634